000
00283nam a2200121Ia 4500
008
190216s9999||||xx |||||||||||||| ||und||
100
_a
Null
245
0
_a
Hindi-Samanya Hindi Vyakarana Thatha Ramna
260
_b
Sahithya Accadamy
300
_a
155
650
_a
Hindi
942
_c
BK
999
_c
15824
_d
15824